| 000 | 01088njm a22002537a 4500 | ||
|---|---|---|---|
| 005 | 20100903141732.0 | ||
| 006 | a|||||r|||||00| 0 | ||
| 007 | sd ammalaaahaa | ||
| 008 | 100903t xxu||||| |||| 00| 0 eng d | ||
| 028 |
_aN 5725 _bHis Master's Voice |
||
| 035 | _aGR-245 | ||
| 100 |
_aNarayanrao Vyas _918037 |
||
| 245 |
_aBhaj raghuvir shyam jugal charna : _cby Narayanrao Vyas _h[sound recording] _bbahar / |
||
| 246 | _aभज रघुवीर श्याम जुगल चरना / नारायणराव व्यास | ||
| 260 |
_aDum Dum, India _bHis Master's Voice |
||
| 300 |
_a1 sound disc [Gramophone Recording] _banalog, 33 1/3rpm ; _c9.5 in. (MP) _fGramaphone Records |
||
| 500 | _aBrief record | ||
| 505 | _aSide-2 तुम जागो मोहन प्यारे-भंरव (Tum jaago mohan pyare-bhanrav) (Narayanrao Vyas) | ||
| 650 |
_aClassical music _xExcerpts _zIndia _918040 |
||
| 700 | _918050 | ||
| 700 |
_aRoy, Juthika _918053 |
||
| 942 |
_2ddc _cGR |
||
| 999 |
_c43591 _d43591 |
||